| 000 | 00592nam a2200193Ia 4500 | ||
|---|---|---|---|
| 003 | GCL | ||
| 008 | 140319s9999 xx 000 0 ara d | ||
| 040 |
_aGCL / _cGCL |
||
| 082 | 0 | 4 |
_a574.8732 _bف ع |
| 100 | 1 | _aفتحى البديوى | |
| 245 | 1 | 0 |
_aعالم النوواه وبداية عصرها فى مصر / _cفتحى البديوى |
| 260 |
_a[S.N] : _bالهيئة المصرية العامة للكتاب ، _c1993 |
||
| 300 | _a358 ص | ||
| 490 | _a | ||
| 650 | 0 | 4 | _aالفيزياء |
| 650 | 0 | 4 | _aالعلوم |
| 650 | 0 | 4 | _aالفيزياء النووية |
| 942 |
_2ddc _cBK |
||
| 999 |
_c35213 _d35213 |
||